[Event "21st Alekhine Master 2017"]
[Site "Voronezh"]
[Date "2017.06.19"]
[Round "7"]
[White "Moiseenko, Vadim"]
[Black "Shaposhnikov, Evgeny"]
[Result "*"]
[WhiteElo "2528"]
[BlackElo "2557"]
[Annotator "TA"]
[PlyCount "85"]
[EventDate "2017.??.??"]
[EventType "swiss"]
[EventCountry "RUS"]
[SourceTitle "playchess.com"]
[Source "ChessBase"]
[SourceQuality "1"]

{[%evp 9,85,25,26,25,52,44,63,59,98,85,76,95,116,86,128,84,96,95,92,85,83,85,68,52,32,11,45,0,0,-6,35,45,76,75,64,54,100,94,90,112,112,115,105,41,42,35,49,-60,-47,-222,-225,-218,-216,-217,-219,-212,-221,-225,-145,-145,-149,-150,-104,-221,-220,-291,-291,-362,-353,-348,-164,-190,-192,-204,-193,-220,-210,-177]} 1. d4 Nf6 2. Bf4 e6 3. e3 b6 4. Qf3 (4. Nf3 Be7 5. h3 O-O 6. Nbd2 c5 7. c3 cxd4 8. exd4 Ba6 9. Bxa6 Nxa6 10. O-O Qc8 11. a4 Nc7 12. Re1 {½-½ (32) Li,C (2722)-Wojtaszek,R (2734) Chartres 2017}) 4... d5 5. Nc3 Bb4 $146 ({Predecessor:} 5... Be7 6. g4 O-O 7. g5 Ne8 8. h4 Ba6 9. Bh3 c5 10. Nge2 b5 11. O-O-O b4 {1-0 (29) Moiseenko,V (2530)-Levin,E (2514) St Petersburg 2016}) 6. Nge2 {A45: Trompowsky Attack} Bb7 7. O-O-O O-O 8. g4 {[%cal Bg2g4,Bg4g5][%mdl 32] White is slightly better.} Nbd7 9. g5 Ne8 10. h4 f5 11. gxf6 Nexf6 12. a3 Bxc3 13. Nxc3 Qe7 14. Rg1 e5 15. dxe5 Nxe5 16. Qg3 Nh5 17. Bg5 (17. Qg2 $5 {[%cal Rc3d5]} Nxf4 18. exf4 $14) 17... Qe8 (17... Qe6 $5 {[%cal Rh5g3]} 18. Bh3 Qe8 $11) 18. Qh3 (18. Qg2 $14 Nf3 19. Rh1) 18... Nf3 $1 $11 {[%cal Rf3g1]} 19. Rg4 $36 {[%mdl 2048] White fights for an advantage.} Ne5 {Threatens to win with ...Bc8.} (19... d4 $5 {[%cal Rd4c3]} 20. Nb5 (20. exd4 Bc8 $15) 20... dxe3 21. Bxe3 (21. Nxc7 Qe5 $17) 21... Qe5 $11) 20. Rg2 c6 21. Be2 $1 {[%cal Re2h5]} Bc8 22. Qh1 Kh8 23. e4 Bb7 24. Qh2 {And now Bxh5 would win.} ({Don't play} 24. exd5 cxd5 25. Rd4 Nc6 $11) 24... Nf3 {[#]} 25. Bxf3 $1 Rxf3 26. Be3 ({Better is} 26. exd5 $16 cxd5 27. Be3) 26... dxe4 $14 27. Rg5 c5 $1 28. Re5 (28. Qe5 $14 Qxe5 29. Rxe5) 28... Qb8 $15 {...Bc6 is the strong threat.} 29. Rh1 $2 {[#]} ({White should try} 29. Bg5 $15 Nf6 30. Bxf6 gxf6 31. Rd6 Qxd6 {[#]} 32. Re8+ $1 {[%mdl 512]} Rxe8 33. Qxd6) 29... Ng3 $1 $19 {[%cal Rg3h1][%mdl 512]} 30. Re7 (30. fxg3 Qxe5) 30... Nxh1 31. Qxh1 Bc6 {White must now prevent ...Qd6.} ({Weaker is} 31... g6 32. h5 $16) 32. Qg2 {[%csl Ge7][%cal Rg2g7]} Qf8 33. Rc7 Rc8 34. Rxa7 Rf7 35. Ra6 Rb8 36. h5 (36. Qg3 $17 {was worth a try.}) 36... Qc8 37. Qg3 Rf3 38. Qd6 Rf6 39. Qg3 h6 (39... Qb7 $142 {Strongly threatening ...Rd8.} 40. Na4 Be8) 40. Ra7 {[%csl Ga7][%cal Rg3g7] Black is clearly better.} Rb7 41. Rxb7 Qxb7 42. Ne2 Be8 43. Qe5 {Precision: White = 49%, Black = 60%.} *

[Event "21st Alekhine Master 2017"]
[Site "Voronezh"]
[Date "2017.06.19"]
[Round "7"]
[White "Nihal Sarin"]
[Black "Zontakh, Andrey"]
[Result "1-0"]
[WhiteElo "2454"]
[BlackElo "2528"]
[Annotator "TA"]
[PlyCount "53"]
[EventDate "2017.??.??"]
[EventType "swiss"]
[EventCountry "RUS"]
[SourceTitle "playchess.com"]
[Source "ChessBase"]
[SourceQuality "1"]

{[%evp 28,53,22,19,27,27,22,36,34,0,15,16,52,46,74,62,108,102,104,104,93,97,131,141,139,131,128,132]} 1. e4 c5 2. Nf3 e6 3. d4 cxd4 4. Nxd4 a6 5. Bd3 Nf6 6. Qe2 d6 7. c4 g6 8. Nc3 Bg7 9. O-O O-O 10. Rd1 Nfd7 11. Nf3 Nc6 12. h3 Qc7 13. Bf4 {B42: Sicilian: Kan Variation: 5 Bd3} (13. Be3 Nde5 14. Rac1 Qe7 15. Bb1 Bd7 16. Nh2 f5 17. f4 Nf7 18. Qd2 Be8 19. Nf3 Rd8 20. exf5 gxf5 {1-0 (44) Nakamura,H (2787)-Shabalov,A (2528) Saint Louis 2016}) 13... Bxc3 14. bxc3 e5 15. Bh6 {LiveBook: 9 Games. The position is equal.} Rd8 16. Nh2 {[%cal Bf3h2,Bh2f1,Bf1e3,Be3d5][%mdl 32] aiming for Ng4.} Nc5 {[%cal Bd7c5,Bc5e6,Be6f4][%mdl 32]} 17. Bg5 Rf8 18. Bh6 Re8 {[#]} 19. Nf1 $146 ({Predecessor:} 19. Bc2 f6 20. Nf1 Be6 21. Ne3 Nd8 22. Nd5 Bxd5 23. exd5 {1-0 (40) Bosiocic,M (2555)-Rotstein,A (2507) Austria 2014}) 19... Qe7 20. Be3 Ne6 21. Qd2 Qf6 22. Bb6 Nf4 {[#]} 23. Ne3 $1 Qg5 24. Kh2 f5 25. Bf1 fxe4 26. Qxd6 Rf8 {[#]} 27. Nd5 $1 {Precision: White = 85%, Black = 38%.} 1-0

[Event "21st Alekhine Master 2017"]
[Site "Voronezh"]
[Date "2017.06.19"]
[Round "7"]
[White "Kozionov, Kirill"]
[Black "Yudin, Sergei"]
[Result "1/2-1/2"]
[WhiteElo "2437"]
[BlackElo "2522"]
[Annotator "TA"]
[PlyCount "65"]
[EventDate "2017.??.??"]
[EventType "swiss"]
[EventCountry "RUS"]
[SourceTitle "playchess.com"]
[Source "ChessBase"]
[SourceQuality "1"]

{[%evp 11,65,27,57,19,14,17,7,9,28,24,9,20,19,19,19,23,28,11,23,22,25,0,0,0,0,0,0,0,0,0,-2,-8,0,0,0,0,21,0,0,0,0,0,0,0,0,0,0,0,0,0,0,0,0,0,0,0]} 1. d4 d5 2. c4 e6 3. Nf3 c6 4. Nc3 Nf6 5. Bg5 Be7 6. e3 Ne4 7. Nxe4 {D53: Queen's Gambit Declined: 4 Bg5 Be7: Early deviations} (7. Bxe7 {with more complications.} Qxe7 8. Rc1 Nd7 9. Bd3 Nef6 10. Qc2) (7. Bxe7 Qxe7 8. Qc2 Nd7 9. Bd3 f5 10. O-O O-O 11. Rae1 Rf6 12. Bxe4 fxe4 13. Nd2 Rh6 14. f3 Qd6 15. g3 exf3 16. Nxf3 b6 17. cxd5 exd5 18. e4 Ba6 {½-½ (54) Alvarez Pedraza,A (2551)-Cruz,F (2406) Torredembarra 2011}) 7... dxe4 8. Bxe7 Qxe7 9. Nd2 f5 $1 10. c5 O-O 11. Nc4 Nd7 $146 {[%cal Bb8d7,Bd7f6,Bf6d5][%mdl 32]} ({Predecessor:} 11... b6 12. b4 {1-0 (39) Tyrtania,M (2240)-Heimbrodt,W Germany 1992}) 12. b4 b6 13. Be2 Ba6 14. O-O Bxc4 15. Bxc4 b5 16. Be2 Nf6 {The position is equal.} 17. a4 a6 18. Ra3 Nd5 19. Qb3 Rac8 20. axb5 axb5 21. g3 Rfd8 22. Qb2 Ra8 23. Rfa1 Qb7 24. f3 Rxa3 25. Rxa3 Ra8 26. Qa1 Rxa3 27. Qxa3 exf3 28. Bxf3 Qd7 29. Kf2 Kf7 30. Qa5 Ne7 31. Qa2 Nd5 32. Qa5 Nf6 33. Qa8 {Precision: White = 76%, Black = 86%.} 1/2-1/2

[Event "21st Alekhine Master 2017"]
[Site "Voronezh"]
[Date "2017.06.19"]
[Round "7"]
[White "Nozdrachev, Leonid"]
[Black "Tran, Tuan Minh"]
[Result "0-1"]
[WhiteElo "2411"]
[BlackElo "2542"]
[Annotator "TA"]
[PlyCount "40"]
[EventDate "2017.??.??"]
[EventType "swiss"]
[EventCountry "RUS"]
[SourceTitle "playchess.com"]
[Source "ChessBase"]
[SourceQuality "1"]

{[%evp 10,40,27,4,0,0,0,2,14,-3,0,0,0,0,0,0,0,0,0,-83,-90,-131,-125,-133,-131,-489,-470,-494,-509,-974,-964,-29989,-29990]} 1. d4 Nf6 2. c4 e6 3. Nc3 Bb4 4. e3 b6 5. Nge2 Ne4 6. f3 (6. Bd2 $5 Nxd2 7. Kxd2 $11 (7. Qxd2 Bb7 $11)) 6... Nxc3 {E44: Nimzo-Indian: Rubinstein: 4...b6 5 Ne2} 7. Nxc3 (7. bxc3 Bd6 8. e4 O-O 9. e5 Be7 10. Ng3 d6 11. f4 Bb7 12. Bd3 c5 13. Be3 cxd4 14. cxd4 dxe5 15. fxe5 {1-0 (34) Potkin,V (2647)-Moiseenko,A (2711) Khanty-Mansiysk 2013}) 7... Bxc3+ 8. bxc3 Nc6 {The position is equal.} 9. Bd3 Qh4+ 10. g3 Qh3 11. Bf1 $146 ({Predecessor:} 11. Qe2 Ba6 12. Ba3 O-O-O 13. f4 d5 14. O-O-O {0-1 (28) Merriman,J (2265)-Ward,C (2490) Isle of Man 1994}) 11... Qh5 12. e4 Ba6 13. Be2 Na5 14. Qa4 {[#]} (14. f4 $11 {keeps the balance.} Qg6 15. O-O) 14... Bxc4 $1 $17 15. Bf4 Bxe2 16. Kxe2 f5 {[%cal Bf7f5,Bf5g4][%mdl 32] Hoping for ...g5.} 17. g4 $2 {[%mdl 8192]} (17. e5 $17) 17... fxg4 $19 18. Rhg1 O-O 19. Bxc7 (19. fxg4 $142 Qg6 20. Be3 Qxe4 21. Raf1) 19... Rxf3 {[#] Threatens to win with ...g3.} 20. Qxd7 Qg6 {Precision: White = 29%, Black = 97%.} 0-1

[Event "21st Alekhine Master 2017"]
[Site "Voronezh"]
[Date "2017.06.19"]
[Round "7"]
[White "Elistratov, Semen"]
[Black "Paravyan, David"]
[Result "0-1"]
[WhiteElo "2403"]
[BlackElo "2521"]
[Annotator "TA"]
[PlyCount "57"]
[EventDate "2017.??.??"]
[EventType "swiss"]
[EventCountry "RUS"]
[SourceTitle "playchess.com"]
[Source "ChessBase"]
[SourceQuality "1"]

{[%evp 10,57,33,28,33,32,33,6,12,1,41,34,34,35,41,33,53,50,66,-11,-7,-60,0,-34,-29,-23,-11,-16,-52,-58,-54,-151,-162,-210,-208,-260,-325,-316,-313,-296,-200,-205,-177,-315,-118,-144,-129,-93,-87,-200]} 1. e4 c5 2. Nf3 d6 3. d4 cxd4 4. Nxd4 Nf6 5. Nc3 a6 6. h3 {LiveBook: 2761 Games} h6 {B90: Sicilian Najdorf: Unusual White 6th moves, 6 Be3 Ng4 and 6 Be3 e5} (6... Nc6 7. g4 Qb6 8. Nb3 e6 9. g5 Nd7 10. h4 Qc7 11. Be3 b5 12. a3 Bb7 13. f4 Nc5 14. Bg2 Be7 {½-½ (24) Svidler,P (2755)-Artemiev,V (2682) Sochi 2017}) 7. g4 b5 {[%cal Bb7b5,Bb5b4][%mdl 32]} 8. a4 $146 (8. Bg2 $5 {[%cal Re4e5]}) ({Predecessor:} 8. Bg2 Bb7 9. O-O e6 10. Re1 Qc7 11. a3 Be7 12. f4 Nc6 13. Be3 Nxd4 14. Bxd4 e5 {½-½ (69) Franco Valencia,A (2165)-Contreras Rodriguez,H (2229) Ortega 2013}) 8... b4 {The position is equal.} 9. Nd5 e6 (9... Bb7 {with more complications.} 10. Nxf6+ gxf6 11. Bg2 h5 12. g5 Nd7) 10. Nxf6+ Qxf6 11. Bg2 Bb7 12. Be3 Qd8 13. Qd2 Nd7 14. Nb3 (14. Qxb4 $14 Qc7 15. Qd2) 14... a5 $11 15. O-O-O (15. O-O $11) 15... Nb6 (15... Qc8 $15) 16. Bf1 {[#] Strongly threatening Nxa5!} (16. Nxa5 $5 Rxa5 17. Qxb4 Rxa4 18. Qxb6 Qxb6 19. Bxb6 $11) 16... Bc6 $1 17. Nd4 Bxa4 18. b3 Bd7 19. Nb5 Nc8 $1 ({Inferior is} 19... d5 20. Qd4 $18) 20. e5 ({White should try} 20. Bf4 $15) 20... d5 $17 21. f4 a4 22. Qd3 Be7 23. h4 axb3 24. cxb3 Ra5 ({Weaker is} 24... Bxh4 25. Qc2 $17) 25. Nd4 Ra2 {And now ...Na7 would win.} ({Resist} 25... Bxh4 26. Kb2 $17) 26. f5 (26. Nc2 $142) 26... Qc7+ $2 (26... Qa5 $19 {and Black stays clearly on top.} 27. Re1 Na7) 27. Kb1 Qa5 {( -> ...Ra1+)} 28. Nc2 Na7 {...Nb5 is the strong threat.} 29. Bb6 {Precision: White = 35%, Black = 52%.} (29. fxe6 $17 Bxe6 {[#]} 30. Bb6 $1 {[%mdl 512]} Qxb6 31. Kxa2) 0-1

[Event "21st Alekhine Master 2017"]
[Site "Voronezh"]
[Date "2017.06.20"]
[Round "8"]
[White "Ponkratov, Pavel"]
[Black "Volkov, Sergey"]
[Result "0-1"]
[WhiteElo "2595"]
[BlackElo "2615"]
[Annotator "TA"]
[PlyCount "50"]
[EventDate "2017.??.??"]
[EventType "swiss"]
[EventCountry "RUS"]
[SourceTitle "playchess.com"]
[Source "ChessBase"]
[SourceQuality "1"]

{[%evp 15,50,1,4,-90,-72,-121,-99,-176,-178,-185,-191,-191,-194,-385,-389,-347,-260,-259,-249,-639,-640,-628,-623,-1072,-1087,-1067,-1058,-1025,-1010,-5506,-5493,-1989,-1202,-1185,-1168,-1100,-797]} 1. e4 {[%cal Be2e4,Be4e5][%mdl 32]} e6 2. d4 d5 3. Nc3 Nf6 4. e5 Nfd7 5. f4 c5 6. Nf3 Nc6 7. Be3 Be7 8. Qd2 O-O 9. O-O-O {C11: French: Classical System: 4 e5 and 4 Bg5 dxe4} (9. Be2 $11) (9. dxc5 Nxc5 10. O-O-O Qa5 11. Kb1 Rd8 12. Nd4 Bf8 13. g4 Bd7 14. h4 Rab8 15. Nce2 Qxd2 16. Rxd2 Ne4 17. Rd1 Nxd4 18. Bxd4 {1-0 (34) Adhiban,B (2670)-Korobov,A (2711) Khanty-Mansiysk 2017}) 9... c4 $17 10. f5 {[#]} b5 $1 11. Nxb5 (11. f6 $17 {was worth a try.} gxf6 12. Bh6) 11... Rb8 $19 12. Nd6 Bxd6 ({Don't play} 12... Qb6 13. c3 $17) 13. exd6 Nf6 {Strongly threatening ...Ne4.} ({Much less strong is} 13... exf5 14. Ne5 $17) ({But not} 13... Qb6 14. Qc3 $17) 14. c3 $2 (14. Qc3 {was called for.}) 14... Qa5 $146 ({Predecessor:} 14... Ne4 15. Qc2 exf5 16. Bf4 Nxd6 17. Ne5 Rb6 18. Rg1 g5 19. Bd2 f6 20. Nf3 f4 21. g4 fxg3 22. Rxg3 Bf5 23. Qa4 Rxb2 {0-1 (23) Pinter,E (2389)-Lipka,J (2438) Slovakia 2007}) 15. a3 Ne4 (15... exf5 $2 16. Ne5 $19) 16. Qc2 exf5 17. Ne5 $2 (17. Ng5) 17... Nxe5 {Black is clearly winning.} 18. dxe5 Bd7 19. Be2 Ba4 20. Rxd5 Qxd5 21. Qxa4 {[#]} Nxc3 $1 {[%mdl 512]} 22. Qxc4 (22. bxc3 Qe4) 22... Nxe2+ 23. Qxe2 Rfc8+ 24. Kb1 Qe4+ 25. Ka1 f4 {Precision: White = 13%, Black = 98%.} 0-1

[Event "21st Alekhine Master 2017"]
[Site "Voronezh"]
[Date "2017.06.20"]
[Round "8"]
[White "Bocharov, Dmitry"]
[Black "Kozionov, Kirill"]
[Result "1/2-1/2"]
[WhiteElo "2579"]
[BlackElo "2437"]
[Annotator "TA"]
[PlyCount "117"]
[EventDate "2017.??.??"]
[EventType "swiss"]
[EventCountry "RUS"]
[SourceTitle "playchess.com"]
[Source "ChessBase"]
[SourceQuality "1"]

{[%evp 16,117,4,6,4,9,7,-14,-10,-10,0,-5,0,0,0,0,10,10,41,41,41,41,55,42,73,66,81,74,90,81,92,61,86,61,81,50,83,63,102,94,129,125,125,113,113,113,113,113,123,97,105,81,112,89,100,103,104,101,102,101,106,92,94,90,110,62,82,48,62,49,52,58,85,24,64,44,121,124,129,24,25,0,0,0,16,17,32,0,55,6,33,0,25,21,38,0,0,0,0,0,8,-9,0,0]} 1. c4 e5 2. Nc3 Nf6 3. Nf3 Nc6 4. e3 d5 5. cxd5 Nxd5 6. Bb5 Nxc3 7. bxc3 Bd6 8. e4 O-O {A28: English Opening: Four Knights Variation} 9. O-O {LiveBook: 5 Games} Qf6 (9... Ne7 10. d4 Ng6 11. h3 c6 12. Bd3 h6 13. a4 Qc7 14. Qb3 Kh8 15. Re1 Be6 16. Qc2 {½-½ (63) Xu,J (2508)-Xu,Y (2484) Hefei 2010}) 10. d4 $146 ({Predecessor:} 10. h3 Qg6 11. Kh1 Qxe4 12. Ng5 Qf5 13. d3 h6 14. Ne4 Be6 15. f4 exf4 16. Nxd6 cxd6 17. Bxc6 bxc6 18. Bxf4 {½-½ (58) Prieto Cabal,A-Rodriguez Garcia,J Asturias 1995}) 10... Bg4 11. Be3 (11. h3 $5 {[%cal Rh3g4]} Bxf3 12. Qxf3 $11) 11... Qg6 12. Bd3 $1 Rad8 13. d5 Ne7 14. Nh4 ({Avoid the trap} 14. Bxa7 $2 b6 $19) 14... Qh5 15. f3 {[#] Qe1 is the strong threat.} Bc8 16. Bf2 g5 17. g4 $36 {[%mdl 2048] White has good play.} Qh6 18. Qd2 Ng6 19. Nxg6 $1 fxg6 20. Be3 Rf4 21. Kg2 b6 22. c4 Qf8 23. Be2 Bc5 24. Rab1 Bd7 25. Rfc1 Re8 26. Rb3 Kf7 27. h3 Qd6 {[#]} 28. Bxc5 $1 Qxc5 29. Qb4 Qxb4 30. Rxb4 Ke7 31. c5 Rf6 32. Kf2 Ra8 33. Ke3 Kd8 34. Rb2 bxc5 35. Rxc5 Rb6 36. Rbc2 Rc8 37. Ra5 Ra8 38. Bc4 Ke7 39. Bb3 Kd6 40. Rh2 h5 41. h4 gxh4 42. Rxh4 hxg4 43. fxg4 Rb5 44. Ra3 ({Better is} 44. Ra6+ $16 Rb6 45. Rh6) 44... Rb6 45. g5 Kc5 (45... a5 $14) 46. Bc2 $16 Rb2 47. Rc3+ (47. Rh7 $16 Rxc2 48. Rxd7) 47... Kd6 $11 48. a3 Rf8 49. Rh7 Rbb8 50. Rh6 Be8 51. Bd3 Rg8 (51... Rb2 $11) 52. Rh7 Bd7 53. Rh6 Rb2 54. Be2 Rb1 55. Kf2 (55. Rh7 $5 {[%cal Rh7f7]}) 55... Rb2 {The position is equal.} 56. Kf3 Rb1 57. Kf2 Rb2 {Hoping for ...Bb5.} 58. Rh2 Rgb8 {Threatens to win with ...Rxe2+!} 59. Rh6 {Precision: White = 50%, Black = 45%.} 1/2-1/2

[Event "21st Alekhine Master 2017"]
[Site "Voronezh"]
[Date "2017.06.20"]
[Round "8"]
[White "Shaposhnikov, Evgeny"]
[Black "Maiorov, Nikita"]
[Result "1/2-1/2"]
[WhiteElo "2557"]
[BlackElo "2521"]
[Annotator "TA"]
[PlyCount "56"]
[EventDate "2017.??.??"]
[EventType "swiss"]
[EventCountry "RUS"]
[SourceTitle "playchess.com"]
[Source "ChessBase"]
[SourceQuality "1"]

{[%evp 23,56,15,0,7,38,38,54,10,15,0,0,0,0,0,0,-3,0,-5,11,0,41,0,0,0,0,0,0,0,0,0,0,0,0,0,251]} 1. Nf3 Nf6 2. d4 e6 3. c4 b6 4. e3 Bb7 5. Bd3 Be7 6. O-O O-O 7. Nc3 d5 8. b3 Nbd7 9. Bb2 c5 10. Rc1 Re8 {E14: Queen's Indian: Classical Variation (4 e3)} 11. cxd5 exd5 12. Qe2 a6 {LiveBook: 5 Games} 13. Bf5 $146 ({Predecessor:} 13. Rfd1 Bf8 14. Bf5 Rc8 15. Ne5 cxd4 16. exd4 g6 17. Bh3 {½-½ (74) Kovalenko,I (2560)-Dvoirys,S (2572) Voronezh 2012}) 13... cxd4 14. Nxd4 b5 {[%cal Bb6b5,Bb5b4][%mdl 32]} 15. a4 b4 16. Nb1 Nc5 17. Nd2 g6 18. Bd3 Rc8 19. Rc2 Nxd3 20. Rxc8 Qxc8 21. Qxd3 Qd7 22. N4f3 Rc8 {The position is equal.} 23. Qd4 Qd6 24. h3 Qc5 25. Qe5 {[#] Rc1 is the strong threat.} Qc7 26. Qd4 Qc5 27. Qe5 {And now Rc1 would win.} Qc7 28. Qd4 Ra8 $2 {[%mdl 40960] Precision: White = 75%, Black = 55%. . An unexpected result.} (28... Qc5 $11 {and Black stays safe.}) 1/2-1/2

[Event "21st Alekhine Master 2017"]
[Site "Voronezh"]
[Date "2017.06.20"]
[Round "8"]
[White "Tran, Tuan Minh"]
[Black "Pridorozhni, Aleksei"]
[Result "1/2-1/2"]
[WhiteElo "2542"]
[BlackElo "2540"]
[Annotator "TA"]
[PlyCount "85"]
[EventDate "2017.??.??"]
[EventType "swiss"]
[EventCountry "RUS"]
[SourceTitle "playchess.com"]
[Source "ChessBase"]
[SourceQuality "1"]

{[%evp 15,85,8,10,-7,42,42,69,66,66,77,60,-22,-27,-22,-33,-21,4,0,0,4,13,0,0,0,0,-34,-30,-24,0,0,0,0,0,0,0,0,0,0,0,0,0,-10,-10,-10,-10,-10,0,-35,-53,-77,-10,-8,-8,-8,-10,-18,-2,-51,-51,-51,-51,-129,-133,-311,-285,-257,-190,-167,-212,-196,-96,-100]} 1. d4 d5 2. c4 e6 3. Nc3 c6 4. e3 Nf6 5. Bd3 dxc4 (5... Nbd7 6. b3 Bb4 7. Bd2 O-O 8. f4 dxc4 9. bxc4 Nc5 10. Bc2 Bxc3 11. Bxc3 Nce4 12. Ne2 b5 13. Bb4 Re8 {0-1 (49) Riazantsev,A (2671)-Najer,E (2679) Doha 2016}) 6. Bxc4 {D31: Queen's Gambit Declined: Semi-Slav without ...Nf6 (+ Marshall Gambit and Noteboom) and Exchange Variation lines without ...Nf6} b5 7. Bd3 Bb7 8. Nf3 a6 {LiveBook: 12 Games} 9. e4 {[%cal Be3e4,Be4e5][%mdl 32]} b4 10. Na4 Nbd7 11. O-O c5 12. e5 Nd5 13. Qe2 $146 ({Better is} 13. Ng5 $14) ({Predecessor:} 13. dxc5 Nxc5 14. Nxc5 Bxc5 15. Ng5 Qc7 16. Qe2 h6 17. Qh5 O-O 18. Bh7+ Kh8 {1-0 (38) Gershon,A (2546)-Kovalevskaya,E (2451) Moscow 2004}) 13... cxd4 $11 14. Nxd4 Be7 15. Re1 g6 (15... Qa5 $5 {[%cal Ra5a4]} 16. Bc2 O-O-O $11) 16. Bh6 Bg5 17. Bxg5 Qxg5 18. Nf3 Qh6 19. Rac1 O-O {Strongly threatening ...Nf4.} 20. Qd2 Qxd2 21. Nxd2 N5b6 22. Nxb6 Nxb6 23. Be4 Bd5 24. Bxd5 Nxd5 25. g3 a5 {[%cal Ba6a5,Ba5a4,Ba4a3][%mdl 32]} 26. Rc5 a4 27. Ne4 a3 28. b3 Rfc8 {Threatening ...Rxc5.} 29. Rec1 Rxc5 30. Rxc5 {[%mdl 4096] Endgame KRN-KRN} Rd8 31. Nf6+ Nxf6 32. exf6 $15 {[#] KR-KR} h6 (32... h5 $1 $17 {...Rd2 is the strong threat.} 33. Rc2 g5) 33. Rb5 g5 34. Rxb4 Rd2 35. h4 gxh4 36. Rxh4 Rxa2 {Threatens to win with ...Rb2.} 37. Rg4+ Kh8 {Hoping for ...Rb2.} 38. Kg2 {[#]} (38. Ra4 $15) 38... Rb2 $1 $17 {[%cal Rb2b3]} 39. Rb4 $2 (39. Ra4 $17) 39... Kh7 $19 40. Rb8 e5 41. Kf3 Kg6 42. b4 Kf5 (42... Kxf6 $19 {has better winning chances. White must now prevent ...Ke6.} 43. Ra8 a2) 43. Ra8 {Precision: White = 47%, Black = 61%.} 1/2-1/2

[Event "21st Alekhine Master 2017"]
[Site "Voronezh"]
[Date "2017.06.20"]
[Round "8"]
[White "Mozharov, Mikhail"]
[Black "Murtazin, Ruslan"]
[Result "1-0"]
[WhiteElo "2536"]
[BlackElo "2359"]
[Annotator "TA"]
[PlyCount "71"]
[EventDate "2017.??.??"]
[EventType "swiss"]
[EventCountry "RUS"]
[SourceTitle "playchess.com"]
[Source "ChessBase"]
[SourceQuality "1"]

{[%evp 13,71,33,48,43,54,32,54,42,58,52,66,66,48,9,11,1,18,0,0,0,0,0,0,-58,-61,-54,-48,-76,-73,-70,-54,-70,0,-18,137,128,133,95,94,90,102,102,104,0,14,0,0,-16,-9,-4,-9,-22,368,343,374,333,29980,29981,29981,29982]} 1. d4 Nf6 2. c4 c5 3. d5 e6 4. Nf3 exd5 5. cxd5 d6 {[#]} 6. e4 $1 {[%mdl 512]} g6 (6... Nxe4 7. Qa4+) 7. Bd3 {[%cal Bf1d3,Bd3b5,Bb5c6][%mdl 32]} Bg7 8. O-O {E10: Blumenfeld Gambit} O-O 9. h3 (9. Nbd2 Re8 10. Re1 Bg4 11. Rb1 Nbd7 12. Qc2 Rc8 13. b3 Bxf3 14. Nxf3 Ng4 15. h3 Nge5 16. Nxe5 Bxe5 17. Be3 {½-½ (54) Kuljasevic,D (2578)-Cheparinov,I (2700) Legnica 2013}) 9... b5 10. Bxb5 {White is slightly better.} Nxe4 11. Re1 Nf6 $146 ({Predecessor:} 11... Qb6 12. a4 Nf6 13. Nc3 Qc7 14. Bf4 a6 15. Be2 Bb7 {1-0 (54) Kleiser,G (2329)-Compagnone,G (2289) ICCF email 2013}) 12. Nc3 Na6 13. Nd2 Nc7 14. Bc6 Rb8 15. Nde4 Nxe4 16. Nxe4 Bf5 17. Bg5 f6 {[%cal Bf7f6,Bf6f5][%mdl 32]} 18. Bd2 (18. Bf4 $11 Bxe4 19. Rxe4) 18... Bxe4 $1 $15 19. Rxe4 f5 20. Ra4 Rxb2 21. Rb1 Rxb1 22. Qxb1 Qb8 (22... a6 $1 $15) 23. Qe1 Nb5 $2 (23... Be5 $11) 24. Qe6+ $1 $16 {[%mdl 1024] White has strong compensation.} Kh8 25. Qe7 Bf6 26. Qd7 Rd8 27. Qe6 $1 {[%cal Re6f6]} Be5 {[#]} 28. f4 (28. Bg5 $1 $16 {[%cal Rg5d8]} Rf8 29. f4) 28... Bg7 29. Qe7 {Strongly threatening Bxb5.} (29. Bxb5 $5 Qxb5 30. Rxa7 $11) 29... Rg8 30. Kh2 (30. Bxb5 $5 Qxb5 31. Rxa7 $11) 30... Nd4 31. Rxa7 {With the idea Rb7.} Qb2 32. Qe3 Nf3+ $2 {[%mdl 8192]} (32... g5 $11 {and Black is okay.} 33. Bc3 Qb1 34. Rxg7 Rxg7 35. Qe8+ Rg8) 33. gxf3 $18 Bd4 {[#]} 34. Qe2 $1 Bc3 $2 (34... Rg7 $18) 35. Bxc3+ Qxc3 36. Qe7 {Precision: White = 47%, Black = 44%.} 1-0